000 00762cab a2200253 4500
001 WB3230-10
008 090401t1996 xxu||||| |||| 00| 0 eng d
035 _a(Sirsi) u64449
041 _aeng
245 _aBrewery merger
260 _c1996
350 _a0
490 _aObserver
_vBusiness 28 July 1996, 1(1)
520 _aA planned merger between Bass and Carlsberg-Tetley will put jobs, pubs and breweries at risk. Company profiles. Map showing breweries and number of jobs at each.
650 _aALLIED DOMECQ
650 _aBASS BREWERIES
650 _aBREWERIES
650 _aCARLSBERG-TETLEY
650 _aPUBLIC HOUSES
690 _aPROPERTY-COMMERCIAL PROPERTY
690 _aLEISURE AND RECREATION
942 _n0
948 _c04/03/1997
999 _c40143
_d40143